[Event "12th Open"]
[Site "Dubai UAE"]
[Date "2010.04.10"]
[Round "5"]
[White "Grover,S"]
[Black "Abhishek,K"]
[Result "0-1"]
[WhiteElo "2434"]
[BlackElo "2261"]
[EventDate "2010.04.05"]

1. e4 e5 2. Nf3 Nc6 3. Bb5 Nf6 4. d3 d6 5. c3 Be7 6. O-O O-O 7. Nbd2 a6 8.
Bxc6 bxc6 9. d4 exd4 10. Nxd4 Bd7 11. Qf3 c5 12. Nf5 Bxf5 13. Qxf5 Qd7 14.
Qf3 Rfe8 15. Qg3 Bf8 16. f3 Qe6 17. b3 g6 18. Bb2 Nh5 19. Qh4 Be7 20. Qf2
Nf4 21. Nc4 f5 22. Qc2 fxe4 23. fxe4 Rf8 24. Rae1 Rae8 25. Bc1 Nh5 26. Bd2
Bh4 27. g3 Bxg3 28. hxg3 Rxf1+ 29. Rxf1 Nxg3 30. Re1 Qh3 31. Qd3 Rf8 32.
Qd5+ Kh8 33. e5 0-1

[Event "12th Open"]
[Site "Dubai UAE"]
[Date "2010.04.10"]
[Round "5"]
[White "Saeed,I"]
[Black "Sharbaf,M"]
[Result "0-1"]
[WhiteElo "2217"]
[BlackElo "2373"]
[EventDate "2010.04.05"]

1. d4 Nf6 2. c4 e6 3. Nc3 Bb4 4. Qc2 d5 5. a3 Bxc3+ 6. Qxc3 Ne4 7. Qc2 Nc6
8. e3 e5 9. cxd5 Qxd5 10. Bc4 Qa5+ 11. Ke2 Nd6 12. b4 Qb6 13. Bd3 exd4 14.
Nf3 Bg4 15. Bb2 dxe3 16. fxe3 O-O-O 17. Kf2 Rhe8 18. Rhe1 f5 19. Nd4 f4 20.
Rac1 Re7 21. Nxc6 bxc6 22. Qxc6 Qxc6 23. Rxc6 Ne4+ 24. Bxe4 Rd2+ 25. Kf1
Rxe4 26. Bd4 a6 27. Rc3 f3 28. gxf3 Bh3+ 29. Kg1 Re6 30. Rec1 Rg6+ 31. Kh1
Bg2+ 32. Kg1 Bxf3+ 33. Kf1 c6 34. R3c2 Rdg2 35. Rxg2 Rxg2 36. h4 g6 37. Rc5
Kd8 38. Rg5 Rh2 39. Rg3 Be2+ 40. Ke1 Ke7 41. a4 Bh5 42. Rg5 Re2+ 43. Kf1
Ra2 44. Ra5 Bd1 45. Ke1 Be2 46. Re5+ Kd7 47. Ra5 Bc4 48. b5 Bxb5 49. Bc3
Rxa4 50. Rxa4 Bxa4 51. Kd2 Ke6 52. e4 c5 53. Kd3 Bb5+ 54. Ke3 Be8 55. Kf4
Bf7 56. Kg5 h5 57. Kh6 c4 58. Kg5 a5 59. Bxa5 Ke5 60. Bc3+ Kxe4 61. Kf6 Be8
62. Ke7 Kd3 63. Be5 Bc6 64. Kf6 Be4 65. Bf4 c3 66. Ke5 c2 67. Bc1 Bf5 68.
Kd5 Ke2 69. Kd4 Kd1 0-1

[Event "12th Open"]
[Site "Dubai UAE"]
[Date "2010.04.10"]
[Round "5"]
[White "Karma,P"]
[Black "Salem,AR"]
[Result "0-1"]
[WhiteElo "2134"]
[BlackElo "2483"]
[EventDate "2010.04.05"]

1. e4 e5 2. Nf3 Nc6 3. Bb5 f5 4. d3 fxe4 5. dxe4 Nf6 6. O-O d6 7. Qd3 Be7
8. Nc3 O-O 9. Bc4+ Kh8 10. Ng5 Qe8 11. Ne6 Bxe6 12. Bxe6 Nd4 13. Bh3 c6 14.
Ne2 Nxe2+ 15. Qxe2 Bd8 16. g3 d5 17. exd5 cxd5 18. Bg2 h6 19. c4 d4 20. b3
Rf7 21. Bb2 Bb6 22. b4 Rd8 23. c5 Bc7 24. Rad1 Qa4 25. Qc4 Rdf8 26. Rd2 a5
27. a3 axb4 28. Qxb4 Qa7 29. Qb5 Nh7 30. h4 Nf6 31. Re2 Bb8 32. a4 h5 33.
a5 Bc7 34. Ba1 Ng4 35. Bd5 Rf6 36. Qd7 d3 37. Re4 Qxc5 38. Rc4 Rxf2 39. Bd4
Rxf1+ 40. Kg2 R8f2+ 0-1

[Event "12th Open"]
[Site "Dubai UAE"]
[Date "2010.04.10"]
[Round "5"]
[White "AlHuwar,J"]
[Black "Venkatesh,M"]
[Result "1-0"]
[WhiteElo "2308"]
[BlackElo "2441"]
[EventDate "2010.04.05"]

1. Nf3 Nf6 2. g3 g6 3. b3 d6 4. d4 Bg7 5. Bb2 c5 6. Bg2 O-O 7. O-O Nc6 8.
c4 cxd4 9. Nxd4 Bd7 10. Nc3 Qb6 11. Nc2 Qa5 12. h3 Rac8 13. Qd2 Qh5 14. g4
Qh4 15. Ne1 Ne8 16. Nd5 e6 17. Bxg7 Kxg7 18. Nf3 Qd8 19. Nc3 Qe7 20. Rfd1
Rd8 21. Nb5 e5 22. Qe3 a6 23. Nc3 f6 24. Rd2 Be6 25. Rad1 h6 26. Nd5 Qf7
27. Ne1 f5 28. f3 Kh7 29. Nc2 Qg7 30. b4 Rf7 31. a4 Ne7 32. Nb6 Nc8 33. Nd5
Nc7 34. Nxc7 Rxc7 35. c5 f4 36. Qe4 Rcd7 37. Nd4 Bg8 38. c6 d5 39. Qb1 Rc7
40. cxb7 Rxb7 41. Nc6 Rd6 42. Na5 Rb8 43. Rc1 Nb6 44. Qd3 Qd7 45. b5 axb5
46. axb5 Ra8 47. Nc6 Qg7 48. Rc5 Rd7 49. e3 fxe3 50. Qxe3 Nc4 51. Rxc4 dxc4
52. Rxd7 Qxd7 53. Nxe5 Qxb5 54. Qe4 Ra1+ 55. Kh2 Qb1 56. Qd4 Ra2 57. Nd7
Qb4 58. Nf6+ Kg7 1-0

[Event "12th Open"]
[Site "Dubai UAE"]
[Date "2010.04.10"]
[Round "5"]
[White "Dzagnidze,N"]
[Black "Mamedjarova,Z"]
[Result "1-0"]
[WhiteElo "2479"]
[BlackElo "2289"]
[EventDate "2010.04.05"]

1. d4 f5 2. Nc3 Nf6 3. Bg5 d5 4. Bxf6 exf6 5. e3 Be6 6. Bd3 Nc6 7. a3 Qd7
8. Nge2 Ne7 9. Nc1 Nc8 10. Nb3 b6 11. Qe2 Be7 12. Qh5+ g6 13. Qh6 Bf8 14.
Qf4 Bd6 15. Qf3 c6 16. h4 Ne7 17. O-O-O O-O-O 18. Qe2 Kb8 19. Kb1 Rde8 20.
g3 Nc8 21. Na2 Re7 22. c4 f4 23. gxf4 Bxf4 24. Qc2 dxc4 25. Bxc4 Bd6 26.
Na1 Bxc4 27. Qxc4 Qe6 28. Qc3 Qd5 29. Nc1 1-0

[Event "12th Open"]
[Site "Dubai UAE"]
[Date "2010.04.10"]
[Round "5"]
[White "Ramnath,B"]
[Black "Omar,Noa"]
[Result "1-0"]
[WhiteElo "2360"]
[BlackElo "2113"]
[EventDate "2010.04.05"]

1. e4 c6 2. d4 d5 3. exd5 cxd5 4. c4 Nf6 5. Nc3 g6 6. Qb3 Bg7 7. cxd5 O-O
8. Be2 Nbd7 9. Bf3 Nb6 10. Bg5 h6 11. Bxf6 Bxf6 12. Nge2 Bf5 13. Rd1 Qd7
14. h3 h5 15. Ng3 Rfd8 16. O-O Rab8 17. Rfe1 Nc8 18. Nxf5 Qxf5 19. Be4 Qd7
20. d6 e6 21. Bxg6 fxg6 22. Rxe6 Kg7 23. Ne4 Rf8 24. Rd3 a5 25. d5 Bh4 26.
Rc3 Nxd6 27. Rxd6 Bxf2+ 28. Kh1 Qf5 29. Nxf2 Qxf2 30. Rg3 Qf1+ 31. Kh2 Rf6
1-0

[Event "12th Open"]
[Site "Dubai UAE"]
[Date "2010.04.10"]
[Round "5"]
[White "Mirzoeva,E"]
[Black "Ibrayev,N"]
[Result "0-1"]
[WhiteElo "2230"]
[BlackElo "2405"]
[EventDate "2010.04.05"]

1. d4 Nf6 2. Nf3 c5 3. d5 d6 4. Nc3 g6 5. e4 Bg7 6. Be2 O-O 7. O-O Na6 8.
Bf4 Nc7 9. a4 Nh5 10. Bg5 h6 11. Be3 b6 12. Nd2 Nf6 13. Nc4 Ba6 14. Qd2 Kh7
15. h3 Bxc4 16. Bxc4 a6 17. Qe2 Qd7 18. Bf4 Nh5 19. Bd2 b5 20. axb5 Bxc3
21. Bxc3 axb5 22. Qg4 Qxg4 23. hxg4 bxc4 24. gxh5 gxh5 25. Rfe1 f5 26. Ba5
Nb5 27. e5 Ra7 28. exd6 exd6 29. Bb6 Rxa1 30. Rxa1 Rb8 31. Ra6 f4 32. Ba5
Kg6 33. Bc3 Kf5 34. Ra4 Nxc3 35. bxc3 Rb1+ 36. Kh2 Rb2 37. Rxc4 Rxc2 38. f3
Rd2 39. Re4 Rxd5 40. g3 Rd2+ 41. Kh3 fxg3 42. Kxg3 Rd3 43. Rc4 Kg5 44. Kf2
h4 45. Ke2 Rd5 46. Rg4+ Kh5 47. Ra4 h3 48. Kf2 Rg5 49. Ra1 Rg2+ 50. Kf1 Kh4
51. Ra6 Rg6 52. Ra2 Kg3 53. Kg1 Kxf3+ 54. Kh1 Ke3 55. Rh2 Rg3 56. c4 Kd3
57. Rf2 Kxc4 58. Rf6 d5 0-1

[Event "12th Open"]
[Site "Dubai UAE"]
[Date "2010.04.10"]
[Round "5"]
[White "Meenakshi,Sub"]
[Black "Coleman,J"]
[Result "1-0"]
[WhiteElo "2348"]
[BlackElo "2136"]
[EventDate "2010.04.05"]

1. d4 Nf6 2. c4 e6 3. Nf3 Bb4+ 4. Nbd2 b6 5. g3 Bb7 6. Bg2 d5 7. O-O Nbd7
8. Qa4 Bxd2 9. Bxd2 dxc4 10. Qxc4 Bd5 11. Qa4 O-O 12. Rac1 Qc8 13. Bf4 c6
14. Ne5 Bxg2 15. Kxg2 c5 16. Nd3 Qb7+ 17. Kg1 Qe4 18. Be3 e5 19. Rfe1 Rfd8
20. Bg5 Re8 21. f3 Qxd4+ 22. Qxd4 exd4 23. b4 Rac8 24. Bxf6 gxf6 25. bxc5
bxc5 26. Rc4 Ne5 27. Nxe5 Rxe5 28. Kf2 Rb8 29. Rec1 Rb2 30. R1c2 Rxc2 31.
Rxc2 Kf8 32. Rc4 Ke8 33. f4 Rd5 34. e4 dxe3+ 35. Kxe3 Ke7 36. Ra4 Rd7 37.
Ke4 Ke6 38. Ra6+ Ke7 39. Ra4 Ke6 40. Ra6+ Ke7 41. Rc6 Rd4+ 42. Kf5 Ra4 43.
Rxc5 Rxa2 44. Rc7+ Kf8 45. Kxf6 Ra6+ 46. Kf5 Ra5+ 47. Kf6 Ra6+ 48. Kg5 Kg7
49. f5 h6+ 50. Kh5 Ra5 51. g4 Ra2 52. h4 Ra5 53. Rc6 Ra4 54. Rxh6 f6 55. g5
fxg5 56. hxg5 a5 1-0

[Event "12th Open"]
[Site "Dubai UAE"]
[Date "2010.04.10"]
[Round "5"]
[White "Schneider,Ve"]
[Black "Ayyad,H"]
[Result "1/2-1/2"]
[WhiteElo "2314"]
[BlackElo "2128"]
[EventDate "2010.04.05"]

1. e4 e5 2. Nf3 Nc6 3. d4 exd4 4. Nxd4 Bc5 5. Be3 Qf6 6. c3 Nge7 7. g3 d6
8. Bg2 O-O 9. O-O Qg6 10. Nd2 Ne5 11. h3 f5 12. Kh2 Bb6 13. f4 N5c6 14.
Qb3+ Kh8 15. Rae1 Bd7 16. Bf2 Rae8 17. Nc4 Nxd4 18. cxd4 fxe4 19. Nxb6 axb6
20. Bxe4 Qh5 21. Bg2 Ng8 22. Qf3 Qb5 23. Qxb7 Rxe1 24. Bxe1 Qe2 25. Qe4 Re8
26. Qxe2 Rxe2 27. Kg1 Rxb2 28. Rf2 Rb1 29. Re2 Nf6 30. Kf2 Kg8 31. Bc3 d5
32. g4 c6 33. Re1 Rxe1 34. Bxe1 Kf7 35. Bb4 h5 36. gxh5 Nxh5 37. Bd6 Nf6
38. Ke3 Ne8 39. Bb8 Bf5 40. a3 Ke6 41. Be5 g6 42. Bf1 Nd6 43. h4 Nc4+ 44.
Bxc4 dxc4 45. Kd2 Kd5 46. Kc3 b5 47. Bc7 Ke4 48. a4 Kd5 49. axb5 cxb5
1/2-1/2

[Event "12th Open"]
[Site "Dubai UAE"]
[Date "2010.04.10"]
[Round "5"]
[White "Marcos,M"]
[Black "Khukhashvili,S"]
[Result "0-1"]
[WhiteElo "2113"]
[BlackElo "2421"]
[EventDate "2010.04.05"]

1. d4 Nf6 2. Nf3 e6 3. Bg5 h6 4. Bh4 d6 5. Nbd2 g5 6. Bg3 Nh5 7. e4 Bg7 8.
c3 Nd7 9. Qc2 Qe7 10. Be2 O-O 11. Nf1 f5 12. N3d2 Ndf6 13. f3 f4 14. Bf2 e5
15. d5 c6 16. c4 cxd5 17. cxd5 Bd7 18. a4 Rfc8 19. Qb3 Rc7 20. Nc4 g4 21.
Na3 Rac8 22. Rd1 a6 23. Bb6 Rc1 24. Nc4 Rxd1+ 25. Qxd1 gxf3 26. gxf3 Nh7
27. Bf2 Ng5 28. Nb6 Rc7 29. Nxd7 Qxd7 30. Bb6 Rc8 31. Rg1 Kh8 32. a5 Bf6
33. Kd2 Bd8 34. Qb3 Bxb6 35. axb6 Nf6 36. h4 Nf7 37. Rg6 Qd8 38. Qb4 Kh7
39. Rg1 Nd7 40. Nh2 h5 41. Nf1 Nxb6 42. Bd3 Rc7 43. Kd1 Nd7 44. Qe1 Rc8 45.
Qf2 Qh8 46. Qh2 Rg8 47. Rxg8 Qxg8 48. b4 Nf6 49. Kc2 Qc8+ 50. Kb2 Qc7 51.
Qf2 a5 52. bxa5 Qxa5 53. Nd2 Nd7 54. Nb3 Qb4 55. Qd2 Qxd2+ 56. Nxd2 Nf8 57.
Kb3 Ng6 58. Kb4 Nxh4 59. Kb5 Ng2 60. Kb6 Kg7 61. Kxb7 Kf6 62. Kc7 Ke7 63.
Nf1 Nh8 64. Nh2 Ng6 65. Ba6 N6h4 66. Bb5 Ne1 67. Be2 Nhg2 68. Bf1 Ne3 69.
Be2 N1c2 70. Bd3 Nd4 71. Kc8 Ng2 72. Bf1 Ne1 73. Ba6 Ndxf3 74. Nf1 h4 75.
Kc7 h3 0-1

[Event "12th Open"]
[Site "Dubai UAE"]
[Date "2010.04.10"]
[Round "6"]
[White "Kotanjian,T"]
[Black "Iordachescu,V"]
[Result "0-1"]
[WhiteElo "2522"]
[BlackElo "2621"]
[EventDate "2010.04.05"]

1. d4 Nf6 2. c4 e6 3. Nc3 Bb4 4. Qc2 O-O 5. a3 Bxc3+ 6. Qxc3 Qe8 7. f3 d6
8. e4 e5 9. Ne2 Nfd7 10. g4 a5 11. Be3 a4 12. Bg2 Nc6 13. O-O b6 14. Rfd1
Ba6 15. Bf1 Na5 16. Ng3 Nb3 17. Rab1 c5 18. dxe5 dxe5 19. Rxd7 Qxd7 20.
Qxe5 f6 21. Qc3 Rad8 22. Kg2 Qe6 23. Nh5 Qe5 24. Nf4 Qxc3 25. bxc3 Nd2 26.
Rxb6 Bxc4 27. Bd3 Bxd3 28. Bxd2 Bxe4 29. Be3 Ba8 30. Bxc5 Rd2+ 31. Kg3 Rc8
32. Bd4 Rd1 33. Ra6 Rf1 34. Bf2 Bc6 35. Ra7 Rd8 36. Kg2 Ra1 37. Rc7 Be8 38.
Bc5 Bf7 39. Ra7 h6 40. Rxa4 Ra2+ 41. Kg3 g5 42. Nh3 Rd3 43. Nf2 Rxc3 44.
Ne4 Rcc2 45. f4 Rg2+ 46. Kf3 Bd5 47. Rd4 Bxe4+ 48. Rxe4 f5 49. Re8+ Kg7 50.
gxf5 g4+ 51. Ke4 Rge2+ 52. Be3 Rxa3 53. Kd4 Kf7 54. Re6 h5 55. Bc1 Ra4+ 56.
Kd5 Ra5+ 57. Kd6 Ra6+ 0-1

[Event "12th Open"]
[Site "Dubai UAE"]
[Date "2010.04.10"]
[Round "6"]
[White "Sanikidze,T"]
[Black "Iturrizaga,E"]
[Result "1/2-1/2"]
[WhiteElo "2566"]
[BlackElo "2604"]
[EventDate "2010.04.05"]

1. d4 Nf6 2. c4 g6 3. Nc3 Bg7 4. e4 d6 5. Nf3 O-O 6. Be2 c5 7. O-O cxd4 8.
Nxd4 Nc6 9. Be3 Bd7 10. Rc1 Nxd4 11. Bxd4 Bc6 12. f3 a5 13. b3 Nd7 14. Bxg7
Kxg7 15. Qd4+ Kg8 16. Rfd1 Nc5 17. e5 Qb6 18. exd6 exd6 19. Rb1 Rfe8 20.
Bf1 Qb4 21. Qxd6 Rad8 22. Qf6 Rxd1 23. Rxd1 a4 24. Rd8 Rxd8 25. Qxd8+ Kg7
26. Qd4+ Kg8 27. bxa4 Nxa4 28. Nxa4 Qxa4 29. Qd2 Qa7+ 30. Qf2 Qa3 31. h3 h5
32. h4 Kf8 33. Kh2 Ke7 34. Qe2+ Kf6 35. Qd2 Ke7 36. Kg3 Bd7 37. Qg5+ f6 38.
Qxg6 Qd6+ 39. f4 Qd1 40. Qe4+ Kf8 41. Qe2 Qc1 42. Qf2 Bg4 43. Kh2 Kg7 44.
g3 Be6 45. c5 Bxa2 46. Bg2 Qb1 47. Bxb7 Qxb7 48. Qxa2 Qe4 49. Qg2 Qc4 50.
c6 Kg6 51. Qf3 Qc2+ 52. Kg1 Qc1+ 53. Kf2 Qc2+ 54. Kg1 Qc1+ 55. Kg2 Qc2+ 56.
Kh3 f5 57. Qd5 Qc1 58. Kg2 Qc2+ 59. Kh3 Qc1 60. c7 Qf1+ 61. Kh2 Qe2+ 62.
Kg1 Qe1+ 63. Kg2 Qe2+ 64. Kh3 Qg4+ 65. Kh2 Qe2+ 66. Qg2 Qc4 67. Qb2 Qxc7
68. Qh8 Qc2+ 69. Kh3 Qe4 70. Qg8+ Kf6 71. Qf8+ Kg6 72. Qg8+ Kf6 73. Qg5+
Ke6 74. Qg6+ Ke7 75. Qg7+ Ke6 76. Qb2 Qh1+ 77. Qh2 Qxh2+ 78. Kxh2 Kd5 79.
Kg2 Ke4 80. Kf2 Kd4 81. Kf3 Kd3 82. Kf2 Kd4 83. Kf3 Kd3 1/2-1/2

[Event "12th Open"]
[Site "Dubai UAE"]
[Date "2010.04.10"]
[Round "6"]
[White "Sargissian,G"]
[Black "Aleksandrov,A"]
[Result "0-1"]
[WhiteElo "2675"]
[BlackElo "2601"]
[EventDate "2010.04.05"]

1. d4 Nf6 2. c4 e6 3. g3 d5 4. Nf3 dxc4 5. Bg2 Bb4+ 6. Bd2 a5 7. Nc3 Nbd7
8. a3 Bxc3 9. bxc3 O-O 10. Qc2 a4 11. O-O h6 12. h3 Ra5 13. g4 Nh7 14. e4
b5 15. h4 Bb7 16. g5 f5 17. Rae1 fxe4 18. Rxe4 Qe8 19. Ne5 Rf5 20. Nxd7
Qxd7 21. Rxe6 Qxe6 22. Re1 Qg6 23. h5 Qxg5 24. Bxg5 Rxg5 25. Re8+ Nf8 26.
Re4 Ra6 27. f4 Rxg2+ 28. Qxg2 Re6 29. Qb2 Bxe4 30. Qxb5 Bc2 31. Qxc4 c6 32.
Qb4 Rf6 33. Qb8 Kh7 34. c4 Bb3 35. d5 cxd5 36. c5 d4 37. Qe5 Ne6 38. c6
Rxf4 39. c7 Rf8 40. Qe4+ Kh8 41. Qb7 d3 42. Qb4 d2 43. Qxd2 Nxc7 44. Qd6
Ne6 45. Qe7 Kg8 46. Qd7 Nf4 47. Qg4 Kh8 48. Qf3 Ne6 49. Qe4 Ng5 50. Qd3 Nh7
51. Qd6 Kg8 52. Qe7 Nf6 53. Qc5 Bf7 54. Qb4 Be8 55. Qc4+ Kh8 56. Qb4 Rg8
0-1

[Event "12th Open"]
[Site "Dubai UAE"]
[Date "2010.04.10"]
[Round "6"]
[White "Arutinian,D"]
[Black "Baklan,V"]
[Result "1/2-1/2"]
[WhiteElo "2576"]
[BlackElo "2644"]
[EventDate "2010.04.05"]

1. d4 Nf6 2. c4 e6 3. Nf3 b6 4. g3 Ba6 5. b3 Bb7 6. Bg2 Bb4+ 7. Bd2 a5 8.
O-O O-O 9. a3 Bxd2 10. Qxd2 d6 11. Nc3 Ne4 12. Nxe4 Bxe4 13. Qe3 Bb7 14.
Ne1 Qc8 15. Bxb7 Qxb7 16. Qf3 Qxf3 17. Nxf3 Nd7 18. Rfd1 c6 19. Rac1 Rfd8
20. e3 Kf8 21. Kf1 Ke7 22. Ke2 h5 23. h4 Rdc8 24. Rc2 g6 25. Rdc1 Rcb8 26.
Nd2 Ra7 27. Kd3 Nf6 28. Ne4 Nxe4 29. Kxe4 Kd7 30. Kd3 1/2-1/2

[Event "12th Open"]
[Site "Dubai UAE"]
[Date "2010.04.10"]
[Round "6"]
[White "Volkov,Sergey1"]
[Black "Shanava,K"]
[Result "1-0"]
[WhiteElo "2612"]
[BlackElo "2544"]
[EventDate "2010.04.05"]

1. d4 d6 2. c4 e5 3. Nf3 e4 4. Ng5 f5 5. Nc3 Be7 6. Nh3 Nf6 7. Bg5 O-O 8.
e3 c6 9. Nf4 Na6 10. h4 Nc7 11. d5 c5 12. Be2 Nd7 13. Qd2 Ne5 14. O-O-O a6
15. a4 b5 16. axb5 axb5 17. cxb5 c4 18. Qd4 Bd7 19. b6 Na6 20. Ne6 Bxe6 21.
dxe6 Nd3+ 22. Kb1 Nac5 23. Nd5 Bxg5 24. hxg5 Ra1+ 25. Kc2 Rxd1 26. Rxd1
Nxe6 27. Qxc4 Ne5 28. Qa2 Kh8 29. f4 exf3 30. gxf3 Qxg5 31. f4 Qg2 32. Nc3
Rc8 33. Qa6 Qe4+ 34. Bd3 Qg2+ 35. Rd2 1-0

[Event "12th Open"]
[Site "Dubai UAE"]
[Date "2010.04.10"]
[Round "6"]
[White "Gupta,Ab"]
[Black "Guseinov,G"]
[Result "0-1"]
[WhiteElo "2560"]
[BlackElo "2609"]
[EventDate "2010.04.05"]

1. d4 Nf6 2. c4 g6 3. Nc3 Bg7 4. e4 d6 5. f3 O-O 6. Nge2 c5 7. d5 e6 8. Ng3
exd5 9. cxd5 a6 10. a4 h5 11. Bg5 Qb6 12. Qd2 Nh7 13. a5 Qc7 14. Bh6 h4 15.
Bxg7 Kxg7 16. Bd3 hxg3 17. hxg3 Rh8 18. e5 Qe7 19. O-O-O Nd7 20. exd6 Qf6
21. Ne4 Qd4 22. Rde1 Kg8 23. Ng5 Nxg5 24. Rxh8+ Kxh8 25. Qxg5 Kg7 26. Bc2
Qf6 27. Qe3 Nf8 28. Qe8 Qxd6 29. Re7 Qxd5 30. Rc7 Bf5 0-1

[Event "12th Open"]
[Site "Dubai UAE"]
[Date "2010.04.10"]
[Round "6"]
[White "Safarli,E"]
[Black "Mammadov,Z"]
[Result "1-0"]
[WhiteElo "2606"]
[BlackElo "2276"]
[EventDate "2010.04.05"]

1. e4 c6 2. d4 d5 3. exd5 cxd5 4. c4 Nf6 5. Nc3 e6 6. Nf3 Be7 7. cxd5 Nxd5
8. Bd3 O-O 9. O-O Nc6 10. Re1 Nf6 11. Bg5 b6 12. Rc1 Bb7 13. Bb1 Rc8 14. a3
Nd5 15. h4 g6 16. Ba2 Nxc3 17. bxc3 Na5 18. Bh6 Bxa3 19. Bxf8 Bxc1 20. Qxc1
Qxf8 21. Ne5 Bd5 22. Bxd5 exd5 23. Qf4 Nc4 24. Nd7 Qd6 25. Nf6+ Kg7 26. Qg4
Qxf6 27. Qxc8 Nd6 28. Qc6 Ne4 29. Qxf6+ Kxf6 30. c4 a5 31. f3 Nc3 32. c5
bxc5 33. dxc5 Nb5 34. Rb1 Nd4 35. Rd1 Nc6 36. Rxd5 Ke7 37. Rd6 Nb4 38. Kf2
h5 39. Ke2 f6 40. Kd2 1-0

[Event "12th Open"]
[Site "Dubai UAE"]
[Date "2010.04.10"]
[Round "6"]
[White "Dzagnidze,N"]
[Black "Balogh,C"]
[Result "1/2-1/2"]
[WhiteElo "2479"]
[BlackElo "2622"]
[EventDate "2010.04.05"]

1. c4 e5 2. Nc3 Nc6 3. g3 Bc5 4. Bg2 d6 5. Nf3 Nge7 6. O-O a6 7. a3 Ba7 8.
b4 Be6 9. d3 Qd7 10. Be3 Bxe3 11. fxe3 Bh3 12. d4 Bxg2 13. Kxg2 Ng6 14. b5
Na5 15. Qd3 f6 16. a4 Qf7 17. Nd5 O-O 18. h4 e4 19. Qxe4 Nxc4 20. h5 Rae8
21. hxg6 hxg6 22. Ng5 Rxe4 23. Nxf7 Kxf7 24. Rfc1 Nxe3+ 25. Nxe3 Rxe3 26.
Rxc7+ Re7 27. Rac1 Rfe8 28. bxa6 bxa6 29. Kf3 Rb8 30. Rxe7+ Kxe7 31. Rc7+
Ke6 32. Rxg7 Rb4 33. Rxg6 Kf5 34. Rh6 Kg5 35. Rh4 d5 36. a5 Ra4 37. Rh8
Rxa5 38. Rd8 Rb5 39. e3 a5 40. Rd6 Kf5 41. Ra6 Kg5 42. g4 f5 43. gxf5
1/2-1/2

[Event "12th Open"]
[Site "Dubai UAE"]
[Date "2010.04.10"]
[Round "6"]
[White "Harika,D"]
[Black "Gelashvili,T"]
[Result "1/2-1/2"]
[WhiteElo "2473"]
[BlackElo "2621"]
[EventDate "2010.04.05"]

1. d4 Nf6 2. c4 e6 3. Nc3 Bb4 4. g3 O-O 5. Bg2 d5 6. a3 Be7 7. Nf3 Nbd7 8.
O-O dxc4 9. e4 c6 10. a4 a5 11. Qe2 b6 12. Rd1 Ba6 13. Bf4 Re8 14. Qc2 Bb4
15. Ne5 Nxe5 16. Bxe5 Rc8 17. Na2 Bf8 18. Bf1 b5 19. Bxf6 Qxf6 20. Nc1 e5
21. dxe5 Qxe5 22. axb5 cxb5 23. Rxa5 Bb7 24. Bg2 Bb4 25. Ra7 Rc7 26. Ra1
Bc5 27. Ne2 b4 28. Nf4 Bd4 29. Rab1 g6 30. Nd5 Bxd5 31. exd5 Qf6 32. Bf1
Kg7 33. d6 Qxd6 34. Bxc4 Qf6 35. b3 Rce7 36. Rf1 h5 37. Rbd1 h4 38. Qd2 Bc5
39. Qd5 Re5 40. Qg2 R8e7 41. Kh1 Qf5 42. gxh4 Qh5 43. f4 Rf5 44. Rd5 Re3
45. Rxf5 Qxf5 46. Qd5 Qxd5+ 47. Bxd5 f5 48. Kg2 Kh6 49. Bc4 Kh5 50. Rf3 Re4
51. Bd3 Re1 52. Rf1 Re8 53. Kg3 Re3+ 54. Rf3 Re6 55. Bc4 Re1 56. Rf1 Re4
57. Bd3 Re8 58. Bb5 Re7 59. Bc4 Bd4 60. Rd1 Bf6 61. Rd6 Bxh4+ 62. Kf3 Ra7
63. Rb6 Be1 64. Rf6 Kh6 65. Ra6 Rc7 66. Rf6 Kg7 67. Re6 Bc3 68. Re8 Ra7 69.
h3 Kh6 70. Re6 Kh5 71. Kg3 Kh6 72. Bd3 Kg7 73. Bc4 Rd7 74. Re8 Bf6 75. Rb8
Be7 76. Rb5 Bd6 77. Kf3 Kf6 78. Rd5 Rd8 79. Rd1 Ke7 80. Re1+ Kf6 81. Rd1
Rd7 82. Bb5 Rd8 83. Bc4 Ke7 84. Re1+ 1/2-1/2

[Event "12th Open"]
[Site "Dubai UAE"]
[Date "2010.04.10"]
[Round "6"]
[White "Ibrayev,N"]
[Black "Pantsulaia,L"]
[Result "0-1"]
[WhiteElo "2405"]
[BlackElo "2588"]
[EventDate "2010.04.05"]

1. Nf3 c5 2. c4 b6 3. d4 cxd4 4. Nxd4 Bb7 5. Nc3 Nf6 6. f3 e6 7. e4 d6 8.
Be2 Be7 9. O-O O-O 10. Be3 a6 11. Qd2 Qc7 12. Rfc1 Nbd7 13. a4 Rab8 14. Bf1
Ba8 15. b3 Rfe8 16. Kh1 Bf8 17. Qa2 g6 18. Rc2 Qd8 19. Bg5 Bg7 20. Rd1 Qc7
21. Bh4 Ne5 22. Bf2 Red8 23. Bh4 h6 24. Bf2 g5 25. b4 Rbc8 26. a5 bxa5 27.
b5 axb5 28. cxb5 Qb8 29. Qxa5 g4 30. f4 Ned7 31. Re2 Qc7 32. Qxc7 Rxc7 33.
Re3 Rdc8 34. Be1 Nb6 35. f5 e5 36. Nc6 Bxc6 37. Rxd6 h5 38. bxc6 Rxc6 39.
Red3 Bf8 40. Rxc6 Rxc6 41. Rd8 Kg7 42. Bb5 Rc7 43. Rd3 Bb4 44. Bd2 Rc5 45.
Be3 Rxc3 46. Rxc3 Bxc3 47. Bxb6 Nxe4 48. Bd8 Nd6 49. Bd7 e4 50. Kg1 Nc4 51.
Kf2 Bd4+ 52. Ke2 Ne5 53. Bb5 f6 54. Be7 Nf7 55. Bc6 Be5 56. h3 gxh3 57.
gxh3 Bd6 58. Bxd6 Nxd6 59. Bd7 h4 60. Ke3 Kh6 61. Kf4 e3 62. Kxe3 Kg5 63.
Kf3 Nxf5 64. Ba4 Nd4+ 65. Ke4 Ne6 66. Bd1 Nc5+ 67. Kd4 Nd7 68. Ba4 Nb6 69.
Bc6 Kf4 70. Kc5 Nc8 71. Bd7 Ne7 72. Kd6 Ng6 73. Be8 Ne5 74. Ke6 f5 75. Kf6
Ng4+ 76. Kg6 Ne3 0-1

[Event "12th Open"]
[Site "Dubai UAE"]
[Date "2010.04.10"]
[Round "6"]
[White "Gagunashvili,M"]
[Black "AlHuwar,J"]
[Result "1-0"]
[WhiteElo "2582"]
[BlackElo "2308"]
[EventDate "2010.04.05"]

1. d4 Nf6 2. c4 g6 3. Nc3 d5 4. Nf3 Bg7 5. Qb3 dxc4 6. Qxc4 O-O 7. g3 a6 8.
Bg2 b5 9. Qd3 Bb7 10. O-O Nbd7 11. b4 Re8 12. Bf4 Nh5 13. Rfd1 Nb6 14. Ne4
Nxf4 15. gxf4 Bxe4 16. Qxe4 Nd5 17. Ne5 e6 18. Rac1 Qd6 19. a3 a5 20. Rc6
Qe7 21. Rc5 axb4 22. axb4 Ra3 23. e3 Nxb4 24. Qb1 Na6 25. Rxb5 Bf8 26. Qb2
Ra4 27. Rb7 Qa3 28. Bc6 1-0

[Event "12th Open"]
[Site "Dubai UAE"]
[Date "2010.04.10"]
[Round "6"]
[White "Bajarani,U"]
[Black "Melkumyan,H"]
[Result "1/2-1/2"]
[WhiteElo "2395"]
[BlackElo "2582"]
[EventDate "2010.04.05"]

1. e4 e5 2. Nf3 Nc6 3. Bc4 Bc5 4. c3 Nf6 5. d3 O-O 6. O-O d5 7. exd5 Nxd5
8. Nbd2 Bg4 9. h3 Bh5 10. Ne4 Bb6 11. Ng3 Bg6 12. a4 Re8 13. Re1 a6 14. Bg5
Qd7 15. Nh4 Nf4 16. d4 Na5 17. Ba2 Nc6 18. Nxg6 Nxg6 19. d5 Nce7 20. Qf3
Kh8 21. a5 Ba7 22. Rad1 f6 23. Bc1 f5 24. c4 e4 25. Qc3 Bc5 26. Nh5 Ng8 27.
d6 Qf7 28. Rd5 Bxd6 29. c5 Bf8 30. b4 N6e7 31. Nf4 Nxd5 32. Bxd5 Qf6 33.
Qb3 Ne7 34. Bf7 Red8 35. Bb2 Qh6 36. Ne6 Rd3 37. Qa4 Nd5 38. c6 b5 39. axb6
Nxb6 40. Qa1 Nd5 41. Be5 Nxb4 42. Nxc7 Nc2 43. Qc1 Qxc6 44. Nxa8 Qc5 45.
Rf1 e3 46. Bh5 exf2+ 47. Rxf2 Re3 48. Qxc2 Re1+ 49. Kh2 Qxe5+ 50. g3 Re3
51. Qxf5 Qxg3+ 52. Kh1 Re1+ 53. Rf1 Rxf1+ 54. Qxf1 Bd6 55. Qg2 Qe1+ 56. Qg1
Qc3 57. Qg2 g6 58. Bf3 a5 59. Qe2 Qc1+ 60. Kg2 Qg5+ 61. Kf1 Qf5 62. Qe4
Qb5+ 63. Be2 Qc5 64. Qc4 Qf5+ 65. Kg2 Qe5 66. Kf1 Bc5 67. Ke1 Kg7 68. Kd1
h5 69. Kc2 Kh6 70. h4 a4 71. Bd3 a3 72. Qe4 Qb2+ 73. Kd1 Qf6 74. Qd5 Qa1+
75. Ke2 Qb2+ 76. Kd1 Qa1+ 77. Kc2 Be3 78. Bc4 Qc1+ 79. Kb3 Qb2+ 80. Ka4 Bd2
81. Qd6 Qc2+ 82. Kb5 Qf5+ 83. Qd5 Qb1+ 84. Kc6 Qc2 85. Kb5 Qb2+ 86. Kc6
Qf6+ 87. Kd7 Bf4 88. Qg8 Bg3 89. Qd5 Bxh4 90. Nc7 Qd8+ 91. Kc6 Qxd5+ 92.
Kxd5 Be7 93. Ke4 g5 94. Kf3 g4+ 95. Kg2 h4 96. Nb5 Kg5 97. Nxa3 h3+ 98. Kh1
Bxa3 99. Be6 Kh4 1/2-1/2

[Event "12th Open"]
[Site "Dubai UAE"]
[Date "2010.04.10"]
[Round "6"]
[White "Shengelia,D"]
[Black "Wageih,K"]
[Result "1-0"]
[WhiteElo "2567"]
[BlackElo "2268"]
[EventDate "2010.04.05"]

1. Nf3 d5 2. c4 c6 3. g3 Nf6 4. Bg2 Bf5 5. cxd5 cxd5 6. Qb3 Qb6 7. Qxb6
axb6 8. Nc3 Nc6 9. d3 e6 10. Nb5 Bb4+ 11. Bd2 O-O 12. Nfd4 Nxd4 13. Nxd4
Bxd2+ 14. Kxd2 Bg6 15. f4 Ra4 16. e3 Ra5 17. Rhc1 Rc5 18. b4 Rcc8 19. a3
Rfd8 20. h3 h5 21. Bf3 Kf8 22. g4 hxg4 23. hxg4 Ke7 24. g5 Ne8 25. Rxc8
Rxc8 26. f5 Bxf5 27. Nxf5+ exf5 28. Bxd5 Nd6 29. e4 fxe4 30. dxe4 f6 31.
Kd3 Rh8 32. a4 Rh4 33. Rc1 Kd7 34. gxf6 gxf6 35. Rg1 Rh7 36. Kd4 Kc7 37.
Rg8 Re7 38. Rh8 Re8 39. Rh6 Rf8 40. Rh7+ Kc8 41. Be6+ Kb8 42. Rd7 Ne8 43.
Rd8+ Kc7 44. Rc8+ Kd6 45. Bd5 Kd7 46. Rb8 1-0

[Event "12th Open"]
[Site "Dubai UAE"]
[Date "2010.04.10"]
[Round "6"]
[White "Abhishek,K"]
[Black "Malakhatko,V"]
[Result "1/2-1/2"]
[WhiteElo "2261"]
[BlackElo "2548"]
[EventDate "2010.04.05"]

1. e4 c6 2. d4 d5 3. exd5 cxd5 4. c4 Nf6 5. Nc3 e6 6. Nf3 Bb4 7. cxd5 Nxd5
8. Qc2 Nc6 9. a3 Ba5 10. Bd3 Nf6 11. O-O O-O 12. Re1 Bb6 13. d5 exd5 14.
Bg5 h6 15. Bxf6 Qxf6 16. Nxd5 Qd6 17. Rad1 Qb8 18. Qc4 Bd8 19. b4 a6 20. a4
Be6 21. Bb1 Qc8 22. b5 axb5 23. axb5 Na5 24. Qe4 g6 25. Qf4 Bxd5 26. Rxd5
Kg7 27. Ne5 Qc3 28. Red1 Bg5 29. Qe4 Rae8 30. f4 Bd8 31. Rd7 Bb6+ 32. Kh1
Re6 33. Ba2 Nb3 34. Qb1 Rxe5 35. fxe5 Nc5 36. R7d6 Bc7 37. R6d5 b6 38. Qc1
Bxe5 39. Qxc3 Bxc3 40. Rf1 Ra8 41. Bc4 Ra4 42. Be2 Re4 43. Bf3 Rb4 44. Be2
1/2-1/2